000 01629nam0a2200373 i 4500
001 RU\NLR\BIBL_A\011098772
005 20241104063650.0
010 _a9785863752167
_bРФ
_91000
021 _aRU
_b2016-22108
_91397
035 _a(NLR Aleph) 011098772
090 _a11408200
_c11408200
100 _a20160408d2016 u y0rusy50 ca
101 1 _arus
_ceng
102 _aRU
105 _ay|||z|||000zy
200 1 _aБратья и сёстры: миф и реальность
_fГенри Абрамович
_gпер. с англ. Е. Канчуры
210 _aМосква
_cКласс
_d2016
215 _a197 с.
_d22
225 1 _a
_iРодители / дети
300 _aЗагл. и авт. ориг.: Brothers and sisters: myth and reality / Henry Abramovitch
300 _aНа 4-й с. обл. авт.: Генри Абрамович - проф. ун-та Тель-Авива, преп. мед. шк.
320 _aБиблиогр.: с. 179-195 и в конце гл.
454 0 _12001#$aBrothers and sisters: myth and reality
_1700#1$aAbramovitch$bH.$gHenry
_tBrothers and sisters: myth and reality
_aAbramovitch, Henry
606 _aСемейные отношения
_xПсихологические исследования
_92198837
_3RU\NLR\AUTH\661321411
606 _aДети
_xПсихоанализ
_9953299
_3RU\NLR\AUTH\66354832
686 1 _aС550.537
686 1 _aЮ984.92
686 1 _aЮ949.246
686 1 _aЮ983.7-953.6
700 1 _aАбрамович
_bГ.
_gГенри
942 _cBOOK
980 _aNBR